000 00601nam a22002177a 4500
003 UA-OsUOA
001 42512
007 ta
008 20061108b un ||||| |||| 00| 0 ukr d
100 _aСергієнко О.
090 _a330
_bС-11
942 _cSA
040 _aUA-OsUOA
_bukr
_cUA-OsUOA
_dUA-OsUOA
245 _aМакроекономічні проблеми виробництва ВВП України
300 _aС.6-13
955 _a0
041 _aukr
080 _a330
773 0 _w42511
_tПерсонал
_dК.
_d2006
_g10
650 7 _a330 Економіка взагалі
_2UDC
999 _c328646
_d328646